<?xml version="1.0" encoding="UTF-8"?>
<record
    xmlns:xsi="http://www.w3.org/2001/XMLSchema-instance"
    xsi:schemaLocation="http://www.loc.gov/MARC21/slim http://www.loc.gov/standards/marcxml/schema/MARC21slim.xsd"
    xmlns="http://www.loc.gov/MARC21/slim">

  <leader>01118nam a22002057a 4500</leader>
  <controlfield tag="003">OSt</controlfield>
  <controlfield tag="005">20260406094625.0</controlfield>
  <controlfield tag="008">260406b        |||||||| |||| 00| 0 esp d</controlfield>
  <datafield tag="082" ind1=" " ind2=" ">
    <subfield code="2"> 9586771229</subfield>
  </datafield>
  <datafield tag="100" ind1=" " ind2=" ">
    <subfield code="a">Zamora Editores.</subfield>
  </datafield>
  <datafield tag="245" ind1=" " ind2=" ">
    <subfield code="a">Biblioteca Pr&#xE1;ctica de Consulta del Nuevo Milenio F&#xED;sica</subfield>
  </datafield>
  <datafield tag="250" ind1=" " ind2=" ">
    <subfield code="a">volumen 8</subfield>
  </datafield>
  <datafield tag="260" ind1=" " ind2=" ">
    <subfield code="a">Bogot&#xE1;, Colombia</subfield>
    <subfield code="b"> Zamora Editores.</subfield>
    <subfield code="c">2000-2001</subfield>
  </datafield>
  <datafield tag="300" ind1=" " ind2=" ">
    <subfield code="a">252 p&#xE1;ginas.</subfield>
    <subfield code="c"> 21 x 14 cm.</subfield>
  </datafield>
  <datafield tag="490" ind1=" " ind2=" ">
    <subfield code="3">Tapa r&#xFA;stica de cartulina con acabado plastificado brillante </subfield>
  </datafield>
  <datafield tag="520" ind1=" " ind2=" ">
    <subfield code="a">Mec&#xE1;nica: Cinem&#xE1;tica (movimiento), din&#xE1;mica (fuerzas), leyes de Newton, trabajo, potencia y energ&#xED;a.
Termodin&#xE1;mica: Calor, temperatura y las leyes de los gases.
Electricidad y Magnetismo: Cargas el&#xE9;ctricas, circuitos, corrientes y magnetismo.
&#xD3;ptica y Ac&#xFA;stica: El comportamiento de la luz (reflexi&#xF3;n, refracci&#xF3;n) y las propiedades del sonido.
F&#xED;sica Moderna: Breve introducci&#xF3;n a la estructura at&#xF3;mica y energ&#xED;a nuclear.</subfield>
  </datafield>
  <datafield tag="650" ind1=" " ind2=" ">
    <subfield code="a">F&#xED;sica.</subfield>
    <subfield code="v">Problemas, ejercicios, etc. / Estudio y ense&#xF1;anza.</subfield>
    <subfield code="y">Siglo XXI.</subfield>
    <subfield code="z">Siglo XXI.</subfield>
  </datafield>
  <datafield tag="700" ind1=" " ind2=" ">
    <subfield code="a">Zamora Editores</subfield>
  </datafield>
  <datafield tag="942" ind1=" " ind2=" ">
    <subfield code="2">ddc</subfield>
    <subfield code="c">BKA</subfield>
    <subfield code="n">0</subfield>
  </datafield>
  <datafield tag="952" ind1=" " ind2=" ">
    <subfield code="0">0</subfield>
    <subfield code="1">0</subfield>
    <subfield code="2">ddc</subfield>
    <subfield code="4">0</subfield>
    <subfield code="7">0</subfield>
    <subfield code="8">F02</subfield>
    <subfield code="a">ISUS</subfield>
    <subfield code="b">ISUS</subfield>
    <subfield code="c">Biblioteca Abierta</subfield>
    <subfield code="d">2026-04-06</subfield>
    <subfield code="e">LECTURA</subfield>
    <subfield code="f">0467</subfield>
    <subfield code="i">0467</subfield>
    <subfield code="l">0</subfield>
    <subfield code="o">0467</subfield>
    <subfield code="p">BIBLIO0467</subfield>
    <subfield code="r">2026-04-06 09:47:26</subfield>
    <subfield code="t">1</subfield>
    <subfield code="w">2026-04-06</subfield>
    <subfield code="y">BKA</subfield>
  </datafield>
  <datafield tag="999" ind1=" " ind2=" ">
    <subfield code="c">2043</subfield>
    <subfield code="d">2043</subfield>
  </datafield>
</record>
